| 000 | 00492cam a2200157 a 4500 | ||
|---|---|---|---|
| 001 | 000018916 | ||
| 005 | 20200929165900.0 | ||
| 008 | 970210s1947 ht 000 0 fre d | ||
| 040 |
_aDO-SdBNP _bspa _cBNPHU |
||
| 100 | 1 |
_aDepestre, René. _928671 |
|
| 245 | 1 | 0 |
_aGerbe de sang : / _cRené Depestre; préface de René Belance /. |
| 260 |
_aPort-au-Prince, Haiti : _bImpr. de l'état, _c[1947]. |
||
| 300 |
_a126 p. ; _c21 cm. |
||
| 490 | 1 | _a"La vie violente" | |
| 830 | 0 |
_a"La vie violente" _940717 |
|
| 999 |
_c18434 _d18434 |
||